| 000 | 00000nam 2200000zi 4500 |
| 001 | 9.884942 |
| 003 | CaOODSP |
| 005 | 20250303083231 |
| 006 | m o d f |
| 007 | cr ||||||||||| |
| 008 | 200221t20202020quc ob f000 0 eng d |
| 040 | |aCaOODSP|beng|erda|cCaOODSP |
| 043 | |an-cn--- |
| 086 | 1 |aP29-003-517-2020E-PDF |
| 245 | 00|aDiesel fuel. |
| 250 | |a[February 2020 edition]. |
| 264 | 1|aGatineau, (Quebec) Canada : |bCanadian General Standards Board : |bStandards Council of Canada, |c2020. |
| 264 | 4|c©2020 |
| 300 | |a1 online resource (i, 19 pages). |
| 336 | |atext|btxt|2rdacontent |
| 337 | |acomputer|bc|2rdamedia |
| 338 | |aonline resource|bcr|2rdacarrier |
| 490 | 1 |aNational standard of Canada ; |vCAN/CGSB-3.517-2020 |
| 500 | |a"Published February 2020." |
| 500 | |a"Experience and excellence"--Cover. |
| 500 | |aSupersedes CAN/CGSB-3.517-2017. |
| 500 | |aIssued also in French under title: Carburant diesel. |
| 504 | |aIncludes bibliographical references. |
| 520 | |a"This standard applies to two types of diesel fuel, Type A and Type B, suitable for use in high-speed diesel engine powered equipment for on-road and off-road applications and in select equipment powered by medium speed diesel engines"--Scope, page 1. |
| 650 | 0|aDiesel fuels|xStandards|zCanada. |
| 710 | 2 |aStandards Council of Canada. |
| 710 | 2 |aCanadian General Standards Board. |
| 775 | 08|tCarburant diesel.|w(CaOODSP)9.884943 |
| 794 | |tDiesel fuel.|b[February 2025 edition]|w(CaOODSP)9.948606 |
| 795 | |tDiesel fuel |b[June 2017 edition]|w(CaOODSP)9.838061 |
| 830 | #0|aNational standard of Canada ;|vno. 3.517-2020.|w(CaOODSP)9.507848 |
| 856 | 40|qPDF|s861 KB|uhttps://publications.gc.ca/collections/collection_2020/ongc-cgsb/P29-003-517-2020-eng.pdf |
| 986 | |aICS 75.160.20 |